| 000 | 00480nam a2200205Ia 4500 | ||
|---|---|---|---|
| 003 | OST | ||
| 005 | 20240606080937.0 | ||
| 008 | 150730s9999 xx 000 0 und d | ||
| 040 | _cMRUC | ||
| 050 | _aQD 40 .S5 2013 | ||
| 100 | _aSmith, Janice | ||
| 245 | _aChemistry 2AB | ||
| 250 | _a2nd | ||
| 264 | _aNew York | ||
| 264 | _bMc Grawhill | ||
| 264 | _c2013 | ||
| 650 | _aChemistry | ||
| 942 |
_2lcc _cBK |
||
| 999 |
_c4502 _d4502 |
||